Name the NBA Player - Statistics

General Stats
  • This quiz has been taken 22 times
  • The average score is 22 of 24
Answer Stats
Picture Answer % Correct
James Harden
100%
Kareem Abdul-Jabbar
100%
Kevin Durant
100%
Kobe Bryant
100%
Lebron James
100%
Magic Johnson
100%
Michael Jordan
100%
Shaquille O'Neal
100%
Stephen Curry
100%
Tim Duncan
100%
Anthony Davis
95%
Giannis Antetokounmpo
95%
Jerry West
95%
Larry Bird
95%
Russell Westbrook
95%
Steve Nash
95%
Hakeem Olajuwon
89%
Nikola Jokic
89%
Wilt Chamberlain
89%
Bill Russell
84%
Jalen Brunson
84%
Clyde Drexler
79%
Oscar Robertson
74%
Shawn Kemp
74%
No matching quizzes found
Score Distribution
Percent of People with Each Score
Percentile by Number Answered
Your Score History
You have not taken this quiz